Statistics for Rainbow Six Siege

Click here to take the quiz!

General Stats

  • This quiz has been taken 181 times
  • The average score is 2 of 6

Answer Stats

QuestionAnswer% Correct
Which op can block themselves from drones?Vigil
95%
Which one has the highest fire rate?Smg 12
38%
Which gun has the most ammo?ALDA 5.56
34%
Which op is known as the worst?Castle
18%
which op is known as the best out of all?Thermite
4%
Which op has a tuxedo?Warden
4%

Score Distribution

Percentile by Number Answered

Percent of People with Each Score

Your Score History

You have not taken this quiz